[Event "Thueringen-ch Seniors 5th"]
[Site "Bad Frankenhausen"]
[Date "2006.05.16"]
[Round "5"]
[White "Hintze, Hans"]
[Black "Schaffer, Ernst"]
[Result "0-1"]
[WhiteElo "1200"]
[BlackElo "1645"]
[PlyCount "70"]
[EventDate "2006.05.13"]
[EventType "swiss"]
[EventRounds "7"]
[EventCountry "GER"]
[SourceTitle "EXT 2007"]
[Source "ChessBase"]
[SourceDate "2006.11.23"]
[SourceVersion "1"]
[SourceVersionDate "2006.11.23"]
[SourceQuality "1"]

1. d4 d5 2. e3 Nf6 3. h3 Bf5 4. Nf3 Nbd7 5. c4 e6 6. a3 a6 7. c5 c6 8. a4 b6 9. b4 bxc5 10. bxc5 Qc7 11. Nc3 e5 12. Nh4 Be6 13. Be2 e4 14. g3 h6 15. Ng2 g5 16. Bd2 Bg7 17. Rb1 Ke7 18. Na2 a5 19. Kf1 Rab8 20. Kg1 Nh7 21. Kh2 f5 22. Rf1 Nhf6 23. f4 exf3 24. Bxf3 Ne4 25. Bxe4 fxe4 26. Qe1 Nf6 27. Rxb8 Rxb8 28. Bxa5 Qd7 29. Bb6 Bxh3 30. a5 Ra8 31. Nc3 h5 32. Ne2 Bg4 33. Ng1 Qe8 34. Qf2 Bc8 35. Nh3 Ng4+ 0-1

[Event "Thueringen-ch Seniors 5th"]
[Site "Bad Frankenhausen"]
[Date "2006.05.13"]
[Round "1"]
[White "Paulsen, Eckart"]
[Black "Hintze, Hans"]
[Result "1-0"]
[WhiteElo "1825"]
[BlackElo "1200"]
[PlyCount "74"]
[EventDate "2006.05.13"]
[EventType "swiss"]
[EventRounds "7"]
[EventCountry "GER"]
[SourceTitle "EXT 2007"]
[Source "ChessBase"]
[SourceDate "2006.11.23"]
[SourceVersion "1"]
[SourceVersionDate "2006.11.23"]
[SourceQuality "1"]

1. f4 e6 2. Nf3 Nf6 3. e3 b6 4. Be2 Be7 5. 0-0 0-0 6. b3 Bb7 7. Bb2 d6 8. Qe1 Nbd7 9. Nc3 a6 10. Nd1 Re8 11. Nf2 Bf8 12. Nh3 h6 13. Nh4 d5 14. Nf3 Nh7 15. Qf2 f6 16. Nh4 Be7 17. Ng6 Nhf8 18. Bh5 Nxg6 19. Bxg6 Rf8 20. f5 e5 21. d4 Bd6 22. Rae1 e4 23. Qe2 Bc6 24. c4 Nb8 25. a3 Be8 26. b4 Bxg6 27. fxg6 Be7 28. Nf4 c6 29. Ne6 Qd7 30. Nxf8 Kxf8 31. cxd5 cxd5 32. Rc1 Qe8 33. Qg4 Nc6 34. Rc2 Rd8 35. Rfc1 Rd6 36. h4 Kg8 37. h5 Bd8 1-0

[Event "Sachsen-Anhalt-ch Seniors 13th "]
[Site "Osterburg"]
[Date "2005.06.15"]
[Round "6"]
[White "Hintze, Hans"]
[Black "Kielstein, Hans"]
[Result "0-1"]
[WhiteElo "1173"]
[BlackElo "1762"]
[PlyCount "78"]
[EventDate "2005.06.10"]
[EventType "swiss"]
[EventRounds "7"]
[EventCountry "GER"]
[SourceTitle "EXT 2007"]
[Source "ChessBase"]
[SourceDate "2006.11.23"]
[SourceVersion "1"]
[SourceVersionDate "2006.11.23"]
[SourceQuality "1"]

1. d4 Nf6 2. Nf3 g6 3. e3 Bg7 4. c4 d6 5. Bd3 Nbd7 6. Nc3 e5 7. dxe5 dxe5 8. Qc2 c6 9. b4 0-0 10. 0-0 Re8 11. e4 Qc7 12. Be3 Nf8 13. h3 Be6 14. a4 Nh5 15. Rab1 Nf4 16. Ne2 Rad8 17. Rfd1 Bh6 18. Kh2 Nxe2 19. Bxh6 Nd4 20. Nxd4 Rxd4 21. Be3 Rd7 22. Bxa7 b6 23. Bxb6 Qxb6 24. a5 Qa7 25. c5 Rb8 26. Rb2 Rd4 27. Qc3 Nd7 28. f3 f6 29. f4 Bf7 30. g4 h6 31. h4 Kg7 32. Rbd2 Nf8 33. fxe5 fxe5 34. b5 cxb5 35. Bxb5 Rxd2+ 36. Qxd2 Qxc5 37. Bd3 Rb2 38. Qxb2 Qxa5 39. Qf2 Ne6 0-1

[Event "Sachsen-Anhalt-ch Seniors 13th "]
[Site "Osterburg"]
[Date "2005.06.13"]
[Round "4"]
[White "Runge, Dieter"]
[Black "Hintze, Hans"]
[Result "1-0"]
[WhiteElo "1579"]
[BlackElo "1173"]
[PlyCount "119"]
[EventDate "2005.06.10"]
[EventType "swiss"]
[EventRounds "7"]
[EventCountry "GER"]
[SourceTitle "EXT 2007"]
[Source "ChessBase"]
[SourceDate "2006.11.23"]
[SourceVersion "1"]
[SourceVersionDate "2006.11.23"]
[SourceQuality "1"]

1. d4 e6 2. c4 d5 3. Nc3 Be7 4. Bf4 Nf6 5. e3 a6 6. Bd3 0-0 7. h3 c5 8. cxd5 cxd4 9. exd4 Nxd5 10. Bg3 Bb4 11. Nge2 Bd7 12. 0-0 Bc6 13. Nxd5 Bxd5 14. a3 Be7 15. Qc2 f5 16. Nf4 g6 17. Rfe1 Qd7 18. Nxd5 exd5 19. Rac1 Nc6 20. Qd2 Rac8 21. Bb1 Bd6 22. Bxd6 Qxd6 23. Ba2 Kg7 24. Rc5 Ne7 25. Rxc8 Rxc8 26. Re5 Rc7 27. g3 Rd7 28. Qd3 Qc7 29. Kg2 b6 30. Re6 Qb7 31. Qb3 Ng8 32. Qxb6 Qxb6 33. Rxb6 Nf6 34. Rxa6 Re7 35. Kf1 Rc7 36. Rd6 Rc1+ 37. Kg2 Rd1 38. Re6 Rxd4 39. Re2 Rd1 40. Bb3 Rc1 41. Rd2 Rc5 42. Kf3 Kf7 43. Ke3 Ke6 44. Kd4 Ne4 45. Re2 Kd6 46. Ba2 Nf6 47. Re6+ Kxe6 48. Kxc5 Ne4+ 49. Kd4 Nxf2 50. Bxd5+ Kd6 51. h4 Ng4 52. b4 Nf6 53. Bf3 Nd7 54. a4 Kc7 55. a5 Kb8 56. b5 Ka7 57. Bc6 Nb8 58. Kd5 h6 59. Be8 g5 60. hxg5 1-0

[Event "Sachsen-Anhalt-ch Seniors 13th "]
[Site "Osterburg"]
[Date "2005.06.11"]
[Round "2"]
[White "Hintze, Hans"]
[Black "Kude, Klaus Peter"]
[Result "0-1"]
[WhiteElo "1173"]
[BlackElo "1760"]
[PlyCount "88"]
[EventDate "2005.06.10"]
[EventType "swiss"]
[EventRounds "7"]
[EventCountry "GER"]
[SourceTitle "EXT 2007"]
[Source "ChessBase"]
[SourceDate "2006.11.23"]
[SourceVersion "1"]
[SourceVersionDate "2006.11.23"]
[SourceQuality "1"]

1. Nf3 Nf6 2. g3 d5 3. Bg2 c5 4. 0-0 Nc6 5. d3 e5 6. Re1 Be7 7. c3 h6 8. Nfd2 Be6 9. e4 d4 10. c4 Bd6 11. Nf3 Qd7 12. Nbd2 Nh7 13. Nf1 0-0 14. Bd2 f5 15. h3 fxe4 16. dxe4 Bxc4 17. b3 Be6 18. N1h2 Bxh3 19. Rf1 Be6 20. Nh4 Rf6 21. f3 g5 22. Nf5 Bxf5 23. exf5 Qxf5 24. Ng4 Rg6 25. Bh3 Qf7 26. Bg2 Rf8 27. Rf2 Nf6 28. Bf1 Qg7 29. Bc4+ Kh8 30. Qf1 Nxg4 31. fxg4 Rxf2 32. Qxf2 Rf6 33. Qg2 Qe7 34. Rf1 Rxf1+ 35. Qxf1 Qf8 36. Qf5 Qxf5 37. gxf5 e4 38. g4 e3 39. Be1 Ne5 40. Bg3 Nxc4 41. bxc4 Bxg3 42. Kf1 d3 43. f6 d2 44. Kg2 d1Q 0-1

[Event "Brandenburg-ch Seniors 09th"]
[Site "Rowy"]
[Date "2001.06.25"]
[Round "7"]
[White "Schmidt, Roland"]
[Black "Hintze, Hans"]
[Result "1-0"]
[WhiteElo "1650"]
[BlackElo "1173"]
[PlyCount "55"]
[EventDate "2001.06.??"]
[EventType "swiss"]
[EventRounds "7"]
[EventCountry "POL"]
[SourceTitle "EXT 2006"]
[Source "ChessBase"]
[SourceDate "2005.11.24"]
[SourceVersion "1"]
[SourceVersionDate "2005.11.24"]
[SourceQuality "1"]

1. d4 Nf6 2. c4 e6 3. a3 a6 4. Nc3 c5 5. e3 cxd4 6. exd4 g6 7. Bd3 Bg7 8. Nf3 Nc6 9. 0-0 0-0 10. Bg5 d6 11. Re1 Qb6 12. Na4 Qc7 13. h3 Bd7 14. Rc1 Rac8 15. d5 exd5 16. Bxf6 Bxf6 17. cxd5 Qa5 18. dxc6 Bxc6 19. Nc3 Bxf3 20. Qxf3 Bxc3 21. bxc3 Rxc3 22. Rxc3 Qxc3 23. Re3 b5 24. Kh2 Qxa3 25. Bxg6 Qc5 26. Bd3 d5 27. Qf6 Qc7+ 28. Rg3+ 1-0

[Event "Brandenburg-ch Seniors 09th"]
[Site "Rowy"]
[Date "2001.06.19"]
[Round "2"]
[White "Joch, Horst"]
[Black "Hintze, Hans"]
[Result "1-0"]
[WhiteElo "1606"]
[BlackElo "1173"]
[PlyCount "67"]
[EventDate "2001.06.??"]
[EventType "swiss"]
[EventRounds "7"]
[EventCountry "POL"]
[SourceTitle "EXT 2006"]
[Source "ChessBase"]
[SourceDate "2005.11.24"]
[SourceVersion "1"]
[SourceVersionDate "2005.11.24"]
[SourceQuality "1"]

1. e4 e6 2. d4 Nf6 3. e5 Nd5 4. Bd2 c5 5. dxc5 Bxc5 6. Qc1 a6 7. Nc3 Nc6 8. Nxd5 exd5 9. f4 0-0 10. Nf3 Qe7 11. Qd1 d6 12. Bc3 d4 13. Nxd4 dxe5 14. Nxc6 bxc6 15. fxe5 f6 16. Qe2 f5 17. 0-0-0 Be6 18. Kb1 h5 19. h3 a5 20. Qf3 Qb7 21. Qf4 Rab8 22. Bc4 Qe7 23. Rd3 Ba3 24. Ka1 Bb4 25. Bxe6+ Qxe6 26. Bxb4 g6 27. Rd6 Qe8 28. Qc4+ Kg7 29. Bc3 Kh6 30. Qf4+ Kg7 31. e6+ Kg8 32. Qc4 Rb7 33. e7+ Qf7 34. Rd8 1-0